书目信息 |
| 题名: |
印刷电路板(PCB)设计与制作
|
|
| 作者: | 0211 | |
| 分册: | ||
| 出版信息: | 北京 电子工业出版社 1925.09 |
|
| 页数: | 259页 | |
| 开本: | 26cm | |
| 丛书名: | ||
| 单 册: | ||
| 中图分类: | TN410.2 | |
| 科图分类: | ||
| 主题词: | 印刷电路 | |
| 电子资源: | ||
| ISBN: | 7-5053-8065-6 | |
| 000 | 00531nam0 2200193 45 | |
| 001 | 0436187969 | |
| 005 | 2004091510030796 | |
| 010 | @a7-5053-8065-6@d26.00CNY | |
| 100 | @a20040915d1925 km y0chiy0120 ea | |
| 101 | 0 | @achi |
| 102 | @aCN@b110000 | |
| 200 | 1 | @a印刷电路板(PCB)设计与制作@AYin Shua Dian Lu Ban(PCB)She Ji Yu Zhi Zuo@f0211 |
| 210 | @a北京@c电子工业出版社@d1925.09 | |
| 215 | @a259页@d26cm | |
| 606 | 0 | @a印刷电路 |
| 690 | @aTN410.2@v3 | |
| 701 | 0 | @a0211 |
| 801 | 0 | @aCN@bPFT@c20040915 |
| 905 | @a安徽大学@dTN410.2@eL574 | |
| 印刷电路板(PCB)设计与制作/0211.-北京:电子工业出版社,1925.09 |
| 259页;26cm |
| ISBN 7-5053-8065-6:26.00CNY |
| ● |
| 相关链接 |
|
|
|
正题名:印刷电路板(PCB)设计与制作
索取号:TN410.2/L574
 
预约/预借
| 序号 | 登录号 | 条形码 | 馆藏地/架位号 | 状态 | 备注 |
| 1 | 393487 | 203934877 | 自科二线404/301自科库 20排2列3层/ [索取号:TN410.2/L574] | 在馆 | |
| 2 | 393488 | 203934886 | 电气与控制工程学院资料室/301自科库 35排3列5层/ [索取号:TN410.2/L574] | 在馆 | |
| 3 | 393489 | 203934895 | 期刊室512/301自科库 20排2列3层/ [索取号:TN410.2/L574] | 在馆 |